000 00467nam a2200181Ia 4500
005 20250423101133.0
008 250422s9999 xx 000 0 und d
020 _a978-975-9007-80-5
050 _aPZ 7 .D69 A38/
100 _aDoyle, Arthur Conan
245 4 _aThe adventures of Sherlock Holmes
260 _aAnkara
260 _bAlter
260 _c2007
300 _a96 p
650 _aEnglish language -- Study and teaching Readers - Stage 6
942 _cBK
999 _c35398
_d35398